000 00405nam a2200157Ia 4500
008 151213s9999 xx 000 0 und d
020 _a0-618-76795-9
100 _aRicky W. Griffin
245 _aManagement
_cRicky W. Griffin
260 _aNew York
_bHoughton Mifflin Company
_c2008
300 _a4962 p.
650 _aManagement
650 _aManagement
700 _aRicky W. Griffin
999 _c3101
_d3101